<?xml version="1.0" encoding="UTF-8"?>
<collection xmlns="http://www.loc.gov/MARC21/slim">
<record>
  <controlfield tag="001">7539</controlfield>
  <controlfield tag="005">20250204123050.0</controlfield>
  <datafield tag="037" ind1=" " ind2=" ">
    <subfield code="a">CTALK-2025-0067</subfield>
  </datafield>
  <datafield tag="100" ind1=" " ind2=" ">
    <subfield code="a">Hakim, Kaustubh</subfield>
  </datafield>
  <datafield tag="245" ind1=" " ind2=" ">
    <subfield code="a">Magma-Atmosphere Coupling of Hot Sub-Neptunes</subfield>
  </datafield>
  <datafield tag="260" ind1=" " ind2=" ">
    <subfield code="c">2024</subfield>
  </datafield>
  <datafield tag="269" ind1=" " ind2=" ">
    <subfield code="c">2024-10-29</subfield>
  </datafield>
  <datafield tag="520" ind1=" " ind2=" ">
    <subfield code="a">Atmospheres of hot sub-Neptunes (equilibrium temperatures > 1000 K) are being characterised by the James Webb Space Telescope (JWST). Recent modelling efforts suggest that the magma-atmosphere coupling of hot sub-Neptunes strongly impacts their atmospheric chemistry, enriching the atmosphere in refractory element-bearing gases, e.g., SiO, SiH4. We model an equilibrium chemistry reaction network to simulate magma-atmosphere reactions. Based on the calculations for atmosphere chemistry in the Si-O-H system with mass conservation for H between the atmosphere and the interior, we can classify sub-Neptune populations into steam worlds, hydrogen worlds, and silicon worlds. We quantify the strong impact of including non-ideal gas behaviour and gas solubility in magma on these populations. These populations should exhibit distinct atmospheric signatures that are detectable with JWST now and with ARIEL in the future. These modelling results can help ARIEL to prioritise the target list. </subfield>
  </datafield>
  <datafield tag="536" ind1=" " ind2=" ">
    <subfield code="a">FED-tWIN/</subfield>
    <subfield code="c">STELLA/</subfield>
    <subfield code="f">Prf-2021-022</subfield>
  </datafield>
  <datafield tag="594" ind1=" " ind2=" ">
    <subfield code="a">NO</subfield>
  </datafield>
  <datafield tag="773" ind1=" " ind2=" ">
    <subfield code="t">ARIEL Consortium Meeting, Lisbon, Portugal</subfield>
  </datafield>
  <datafield tag="856" ind1="0" ind2=" ">
    <subfield code="f">kaustubh.hakim@ksb-orb.be</subfield>
  </datafield>
  <datafield tag="906" ind1=" " ind2=" ">
    <subfield code="a">Contributed</subfield>
  </datafield>
  <datafield tag="980" ind1=" " ind2=" ">
    <subfield code="a">CTALKCONT</subfield>
  </datafield>
</record>
</collection>